000
00267nam a22001217a 4500
008
180314b xxu||||| |||| 00| 0 eng d
041
_a
eng
080
_a
7
100
_a
45
101
_a
art
245
_a
norman rockwell illustrtor
_c
guptill.a.l
942
_2
udc
_c
BK
999
_c
45062
_d
45062